000
00302nam a22001337a 4500
008
170504b xxu||||| |||| 00| 0 eng d
020
_a
9781583605547
041
_a
eng
080
_2
3 E
_a
34
100
_a
13
101
_a
SHJ
245
_a
CORRECTION IN THE COMUNITY
_c
LATESA.E.J
942
_2
udc
_c
BK
999
_c
12635
_d
12635